000 00806nam a2200253Ia 4500
003 OSt
005 20220930185235.0
006 a|||||r|||| 00| 0
007 ta
008 220926b |||||||| |||| 00| 0 eng d
020 _a9780745322261 (pbk)
_c1195.41
024 _a1360
037 _b08-4676, 30/01/2009, Atlantic Publisher & Dist. Pvt Ltd.
_cTextbook
040 _aCRL
_cCRL
_beng
041 _2eng
_aeng
082 _aV465.P1, P8
100 _aHalper Jeff
_9557769
245 0 _aIsraeli in palestine
_b Resisting diapossession, redeeming Israel
260 _aLondon
_bPluto Press UK
_c2008
300 _a317p.
_ccm.
650 _aHISTORY
942 _hV465.P1, P8
_cTB
_2CC
999 _c889804
_d889804